Dictionnaire etymologique de la langue francaise

Saved in:
Bibliographic Details
Main Author: Bloch, Oscar b. 1877
Other Authors: Von Wartburg, Walther
Format: Book
Language:French
Published: Paris : Universitaires de France, 1994
Edition:10eme ed.
Subjects:
Tags: Add Tag
No Tags, Be the first to tag this record!

MARC

LEADER 00000nam a2200000 i 4500
001 1/9806
008 970321s1994 fre d
020 |a 2-13-044065-7 
035 |l 10017623 
040 |a GR-MY-UA  |b gre  |e aacr 
041 0 |a fre 
082 0 |a 442 
100 1 |a Bloch, Oscar  |d b. 1877. 
245 1 0 |a Dictionnaire etymologique de la langue francaise /  |c Oscar Bloch; Walther Von Wartburg 
250 |a 10eme ed. 
260 |a Paris :   |b Universitaires de France,   |c 1994 
300 |a xxxii, 682 σ.;  |c 25 εκ. 
650 0 0 |a French language  |x Etymology  |x Dictionaries. 
700 1 |a Von Wartburg, Walther. 
852 |a INST  |b LESVOS  |e 19970321  |h 442 BLO  |p 005100019271  |q 005100019271  |t REF  |y 23 
909 |a Λ  |b 049584